Las siete perspectivas del "soulware" (Registro nro. 26676)

Detalles MARC
000 -LEADER
fixed length control field 00328 a2200109 4500
001 - CONTROL NUMBER
control field ART_12920
005 - DATE AND TIME OF LATEST TRANSACTION
control field 20260410161909.0
008 - FIXED-LENGTH DATA ELEMENTS--GENERAL INFORMATION
fixed length control field 260409a
100 1# - MAIN ENTRY--PERSONAL NAME
Personal name Marchione, Julio César
245 10 - TITLE STATEMENT
Title Las siete perspectivas del "soulware"
773 0# - HOST ITEM ENTRY
Title Costos y gestión
Related parts - Año 15, Nº 58 (dic. 2005)
Record control number REV12786

No hay ítems disponibles.